MARC

Tag First Indicator Second Indicator Subfields
LEADER 00000cam a2200000 i 4500
001 in00000320331
005 20151010160120.0
008 781129s1977 nfca b 10000 eng
010 |a  78318666  
015 |a C*** 
020 |a 0919666183 
035 |a (OCoLC)03688967 
035 |9 ABJ4228AM 
040 |a DLC  |c DLC  |d TXA  |d UtOrBLW 
043 |a e-no---  |a e-uk-st  |a n-cn-nf 
049 |a TXAM  |c [1188034] 
050 0 0 |a TN874.N8  |b C66 
082 0 |a 309.1/4 
245 0 0 |a Consequences of offshore oil and gas :  |b Norway, Scotland, and Newfoundland /  |c Maurice Scarlett, editor. 
264 1 |a St. Johns, Nfld. :  |b Institute of Social and Economic Research, Memorial University of Newfoundland,  |c 1977. 
300 |a xvii, 264 pages :  |b illustrations ;  |c 27 cm. 
336 |a text  |b txt  |2 rdacontent 
337 |a unmediated  |b n  |2 rdamedia 
338 |a volume  |b nc  |2 rdacarrier 
490 1 |a Newfoundland social and economic papers,  |v no. 6 
500 |a "A selection of background papers prepared for a colloquium (November, 1974) on the potential impact on the province of future commercial oil/gas discovery offshore Newfoundland." 
504 |a Includes bibliographical references. 
650 0 |a Petroleum in submerged lands  |z Norway  |x Congresses. 
650 0 |a Natural gas in submerged lands  |z Norway  |x Congresses. 
650 0 |a Petroleum in submerged lands  |z Scotland  |x Congresses. 
650 0 |a Natural gas in submerged lands  |z Scotland  |x Congresses. 
650 0 |a Petroleum in submerged lands  |z Newfoundland and Labrador  |x Congresses. 
650 0 |a Natural gas in submerged lands  |z Newfoundland and Labrador  |x Congresses. 
700 1 |a Scarlett, Maurice. 
710 2 |a Memorial University of Newfoundland.  |b Institute of Social and Economic Research. 
830 0 |a Social and economic papers ;  |v no. 6. 
999 |a MARS 
999 f f |s 32cf6d14-5ae8-3bc3-ae47-ab783454bea5  |i b17a0d98-e8c2-3ccb-aac1-e5d5f588dd1a  |t 0 
952 f f |p ric  |a Texas A&M University  |b Rellis Campus  |c Joint Library Facility  |d Remote Storage  |t 0  |e TN874.N8 C66  |h Library of Congress classification  |i unmediated -- volume  |m A14805591786 
998 f f |a TN874.N8 C66  |t 0  |l Remote Storage